LEADER 01250nam a2200301 u 4500 001 000000041962 003 CaOOAMICUS 005 20070226114255.0 008 990217s1980 gw fh u000 u ger u 020 $a3882120169 035 $a10814435 040 $aPUL$bita 100 1 $aSiems, Harald.$0(OLS)http://pul/name/14971 245 10$aStudien zur Lex Frisionum /$cHarald Siems. 260 $aEbelsbach :$bR. Gremer,$c1980. 300 $axvi, 431 p., [12] p. di tav. :$bfacs. ;$c24 cm 490 1 $aAbhandlungen zur rechtswissenschaftlichen Grundlagenforschung ;$v42 500 $aContiene indici. 504 $a"Quellenverzeichnis": pp. 372-413. 630 04$aLex Frisionum.$0(OLS)http://pul/subject/13758 830 0$aAbhandlungen zur rechtswissenschaftlichen Grundlagenforschung ;$v42.$0(OLS)http://pul/title/53301 850 $aPUL 852 $aPUL$W1$xSL Diritto e Scienze Sociali 1$y4$m182 D 58$j56776$nBK-PRI$b $qStampati$B56776$CPULBib$Z2$F56776 $H $81 941 1 $a8 961 $aINV: 49109 996 $6020$a3882120169$9(OLS)http://pul/number/52341 996 $6245$aStudien zur Lex Frisionum$9(OLS)http://pul/title/56623 996 $6260$aEbelsbach :$bR. Gremer$9(OLS)http://pul/publisher/63992 LEADER 01266nam a2200313 u 4500 001 000000079238 003 CaOOAMICUS 005 20070226123522.0 008 040528s1996 it u000 u ita u 020 $a883594130X 035 $a10997168 040 $aPUL$bita 041 0 $aita$hfre 100 1 $aSartre, Jean-Paul,$d1905-1980.$0(OLS)http://pul/name/24998 240 10$aSartre.$lItaliano.$0(OLS)http://pul/title/103745 245 10$aTeatro e filosofia :$buna guida alla lettura di Francis Jeanson /$cJean-Paul Sartre. 260 $aRoma :$bEditori Riuniti,$c1996. 300 $a171 p. ;$c20 cm 490 1 $aLe idee ;$v10 504 $aBibliografia in appendice. 650 4$aTeatro.$0(OLS)http://pul/subject/3405 650 4$aFilosofia.$0(OLS)http://pul/subject/362 830 3$aLe idee ;$v10.$0(OLS)http://pul/title/50084 850 $aPUL 852 $aPUL$W1$xSL Filosofia 1$y2$m91 H 55$j101441$nBK-PRI$b $qStampati$B101441$CPULBib$Z2$F101441 $HPUL95209 $81 941 1 $a8 996 $6020$a883594130X$9(OLS)http://pul/number/104071 996 $6245$aTeatro e filosofia :$buna guida alla lettura di Francis Jeanson$9(OLS)http://pul/title/103746 996 $6260$aRoma :$bEditori Riuniti$9(OLS)http://pul/publisher/54152